| 000 | 00000nas 2200000zi 4500 |
| 001 | 9.898782 |
| 003 | CaOODSP |
| 005 | 20250325133524 |
| 006 | m |o d f |
| 007 | cr cn||||||||| |
| 008 | 210415c20189999oncmr p o f0###a0eng|d |
| 022 | |a2563-9420 |
| 040 | |aCaOODSP|beng|erda|cCaOODSP |
| 043 | |an-cn--- |
| 086 | 1 |aHP38-6E-PDF |
| 222 | 0|aHuman emerging respiratory pathogens bulletin |
| 245 | 00|aHuman emerging respiratory pathogens bulletin : |bmonthly situational analysis of emerging respiratory diseases affecting humans. |
| 264 | 1|a[Ottawa] : |bPublic Health Agency of Canada = Agence de la santé publique du Canada, |c2018- |
| 310 | |aMonthly |
| 336 | |atext|btxt|2rdacontent |
| 337 | |acomputer|bc|2rdamedia |
| 338 | |aonline resource|bcr|2rdacarrier |
| 362 | 1 |aBegan with Issue no. 16, May 2018. |
| 500 | |aIssued also in French under title: Bulletin des agents pathogènes des voies respiratoires émergents. |
| 500 | |aIssued also in HTML format. |
| 588 | |aDescription based on: Issue no. 16, May 2018. |
| 588 | |aLatest issue consulted: Issue no. 17, June 2018. |
| 650 | 0|aRespiratory organs|xDiseases|vPeriodicals. |
| 650 | 0|aPathogenic microorganisms|xDetection|vPeriodicals. |
| 655 | 7|aPeriodicals|2lcgft |
| 710 | 2 |aPublic Health Agency of Canada, |eissuing body. |
| 710 | 2 |aCentre for Immunization and Respiratory Infectious Diseases (Canada), |eissuing body. |
| 775 | 08|tBulletin des agents pathogènes des voies respiratoires émergents : |w(CaOODSP)9.898783 |
| 856 | 4 |qHTML|sN/A|uhttps://www.canada.ca/en/public-health/services/surveillance/human-emerging-respiratory-pathogens-bulletin.html |